| 000 | 01310nam a2200313 4500 | ||
|---|---|---|---|
| 001 | 0000013759 | ||
| 003 | CO-CtgCURN | ||
| 005 | 20250512214739.0 | ||
| 007 | ta | ||
| 008 | 160627s1994 000 0 eng d | ||
| 020 | _a9583500194 | ||
| 040 |
_aCO-CtgCURN _bspa _ccoctgcurn |
||
| 082 | 0 |
_a343.186 _bS218L |
|
| 100 | 1 | _aSandoval Fernández, Jaime. | |
| 245 | 1 | 0 |
_aLegitima defensa : _blos derechos defendibles estudio comparativo en los derechos español y colombiano / _cJaime Sandoval Fernández. |
| 260 |
_aBogotá : _bEditorial Temis, _c1994. |
||
| 300 | _a307 p. | ||
| 336 | _2rdacontent | ||
| 337 |
_2rdamedia _asin mediacion _bn |
||
| 338 |
_2rdacarrier _avolumen _bnc |
||
| 500 | _aIncluye indice. | ||
| 504 | _aBibliografia (p. 290-296) | ||
| 505 | 8 | _aEl fundamento de la Legitima defensa.--Derechos defendibles en legitima defensa conceptos y ubicacion.--Los requisitos de la legitima defensa.--Los derechos defendibles concepciones doctrinales.--Los derechos defendibles delimitacion referentes sociales y ejemplos | |
| 650 | 1 | 4 |
_aDefensa putativa de personas _zColombia. |
| 908 | _a160627 | ||
| 942 |
_cBK _h343.186 _iS218L _2ddc _n0 |
||
| 999 |
_c19337 _d19337 |
||